| 000 | 00883nmc a2200301 a 4500 | ||
|---|---|---|---|
| 003 | AR-BaBNM | ||
| 005 | 20251128211740.0 | ||
| 008 | 106020s2004 ||||||||||||||000 | spa|| | ||
| 020 | _a84-8063-691-2 | ||
| 040 | _cAR-BaBNM | ||
| 100 | 1 | _aGros, Begoña | |
| 245 | 1 | 0 |
_aSer profesor _bpalabras sobre la docencia universitaria |
| 250 | _a1ª ed., nva. ed. trad., rev. y ampl. | ||
| 260 |
_aBarcelona _bOctaedro _bICE _c2004 |
||
| 300 | 0 | _a167 p. | |
| 490 | 0 | _aEducación universitaria | |
| 500 | 0 | _aContiene referencias bibliográficas | |
| 650 | 4 | _aENSENANZA UNIVERSITARIA | |
| 650 | 4 | _aUNIVERSIDADES | |
| 650 | 4 | _aPROFESORES UNIVERSITARIOS | |
| 650 | 4 | _aPROGRAMAS DE ENSENANZA | |
| 650 | 4 | _aEVALUACION DEL ALUMNO | |
| 650 | 4 | _aESTUDIANTES UNIVERSITARIOS | |
| 653 | 0 | _aESTRATEGIAS DIDACTICAS | |
| 700 | 1 | _aRomañá, Teresa | |
| 942 | _cBK | ||
| 998 | _cme-solo cat | ||
| 999 |
_c20942 _d20942 |
||